LEADER 02071nas 2200673- 450 001 9910133652403321 005 20241120174114.0 035 $a(DE-599)ZDB2890362-6 035 $a(OCoLC)561534197 035 $a(CKB)110978977282012 035 $a(CONSER)--2021204256 035 $a(EXLCZ)99110978977282012 100 $a20100318a19389999 -b- a 101 0 $aeng 135 $aurbn||||||abp 135 $aurbn||||||ada 181 $ctxt$2rdacontent 182 $cc$2rdamedia 183 $acr$2rdacarrier 200 00$aMissouri conservationist 210 1$a[Jefferson City]$c[Missouri Dept. of Conservation, etc.] 215 $a1 online resource (volumes) $cillustrations, portraits, maps 311 $a0026-6515 517 1 $aConservationist 606 $aWildlife conservation$vPeriodicals 606 $aWildlife conservation$zMissouri$vPeriodicals 606 $aHunting$vPeriodicals 606 $aFishing$vPeriodicals 606 $aFaune$xProtection$vPériodiques 606 $aFaune$xProtection$zMissouri$vPériodiques 606 $aChasse$vPériodiques 606 $aPêche sportive$vPériodiques 606 $aFishing$2fast$3(OCoLC)fst00926650 606 $aHunting$2fast$3(OCoLC)fst00964162 606 $aWildlife conservation$2fast$3(OCoLC)fst01175253 607 $aMissouri$2fast 608 $aPeriodical. 608 $aperiodicals.$2aat 608 $aPeriodicals.$2fast 608 $aPeriodicals.$2lcgft 608 $aPériodiques.$2rvmgf 615 0$aWildlife conservation 615 0$aWildlife conservation 615 0$aHunting 615 0$aFishing 615 6$aFaune$xProtection 615 6$aFaune$xProtection 615 6$aChasse 615 6$aPêche sportive 615 7$aFishing. 615 7$aHunting. 615 7$aWildlife conservation. 676 $a639 712 02$aMissouri.$bConservation Commission, 712 02$aMissouri.$bDepartment of Conservation, 906 $aJOURNAL 912 $a9910133652403321 996 $aMissouri conservationist$92094926 997 $aUNINA